| 000 | 00000nam##2200000za#4500 |
| 001 | 9.658330 |
| 003 | CaOODSP |
| 005 | 20200401063044 |
| 007 | ta |
| 008 | 150407|1996||||xxc||||| f|0| 0 fre|d |
| 020 | |a0-662-62274-X |
| 040 | |aCaOODSP|bfre |
| 041 | |aeng |
| 041 | |afre |
| 043 | |an-cn--- |
| 086 | 1 |aR63-210/1996 |
| 110 | 1 |aCanada.|bPatrimoine canadien. |bParcs Canada. |
| 245 | 10|aBureau d'examen des édifices fédéraux du patrimoine (BEEFP): code de pratique du BEEFP / |cpar Herb Stovel et Julian Smith, Programme pour la conservation du patrimoine, Services immobiliers. |
| 260 | |aOttawa - Ontario : |bPatrimoine canadien. |c1996. |
| 300 | |aTexte français, 52p. : |bfigures, ill. ; |c28 cm. |
| 500 | |aSommaire: Élaboration du code de pratique.--Introduction au code de pratique.--Cadre stratégique.--Cadre de gestion.--Caractère patrimonial.--Principes de conservation patrimoniale.--Lignes directrices en matière d'intervention: Entretien et réparation; Use et occupation; Ajouts et modifications; Accessibilité; Santé et sécurité; Gestion de l'énergie; Confort; Emplacement et milieu; Gestion immobilière. |
| 546 | |aBilingue |
| 563 | |aCouverture souple |
| 590 | |a96-19|b1996-05-10 |
| 691 | 07|aPatrimoine culturel|2gcpds |
| 691 | 07|aÉdifice public|2gcpds |
| 720 | 1 |aStovel, Herb |
| 720 | 1 |aSmith, Julian |
| 776 | 0#|tCode de pratique du BEEFP / |w(CaOODSP)9.642283 |
| 776 | 0#|tFHBRO code of practice / |w(CaOODSP)9.698271 |
| 791 | |tFederal Heritage Building Review Office (FHBRO) code of practice / |eeng|w(CaOODSP)9.658329 |